[Event "Krapina-ch 8th "]
[Site "Krapina"]
[Date "2018.01.20"]
[Round "5"]
[White "Tomic, Stjepan"]
[Black "Kolic, Mario"]
[Result "1-0"]
[WhiteElo "1775"]
[BlackElo "1423"]
[PlyCount "79"]
[EventDate "2018.01.18"]
[EventType "swiss"]
[EventRounds "7"]
[EventCountry "CRO"]
[SourceTitle "EXT 2019"]
[Source "ChessBase"]
[SourceDate "2018.10.10"]
[SourceVersion "1"]
[SourceVersionDate "2018.10.10"]
[SourceQuality "1"]

1. e4 c5 2. Nf3 d6 3. d4 cxd4 4. Nxd4 Nf6 5. f3 a6 6. c4 e5 7. Nb3 Be7 8. Nc3 Qc7 9. Be3 Be6 10. Rc1 Qd8 11. Be2 0-0 12. Qd2 Nbd7 13. 0-0 Nc5 14. Nxc5 dxc5 15. Nd5 Bxd5 16. cxd5 b5 17. Rfd1 Bd6 18. b3 Rc8 19. a4 Qb6 20. axb5 axb5 21. Qd3 b4 22. Qb5 Qxb5 23. Bxb5 Ra8 24. Ba4 Rfc8 25. Rc4 h6 26. Rdc1 Ra5 27. Rxb4 Rc7 28. Rb5 Rxb5 29. Bxb5 Rb7 30. Ba4 Rc7 31. Kf1 Nh5 32. g3 Nf6 33. Bc6 g5 34. Bxc5 Bxc5 35. Rxc5 g4 36. Kf2 gxf3 37. Kxf3 Kf8 38. Ra5 Ke7 39. b4 h5 40. b5 1-0

[Event "Topusko Amateur op 6th"]
[Site "Topusko"]
[Date "2017.08.18"]
[Round "8"]
[White "Kolic, Mario"]
[Black "Siraj, Svit"]
[Result "0-1"]
[WhiteElo "1257"]
[BlackElo "1369"]
[PlyCount "55"]
[EventDate "2017.08.12"]
[EventType "swiss"]
[EventRounds "9"]
[EventCountry "CRO"]
[SourceTitle "CBM 180 Extra"]
[Source "ChessBase"]
[SourceDate "2017.10.06"]
[SourceVersion "1"]
[SourceVersionDate "2017.10.06"]
[SourceQuality "1"]

1. d4 d5 2. c4 e6 3. Nf3 Nf6 4. g3 Be7 5. Bg2 0-0 6. 0-0 Nbd7 7. Nc3 dxc4 8. Bf4 c5 9. dxc5 Qa5 10. Bd6 Re8 11. c6 bxc6 12. Bxe7 Rxe7 13. Qd6 Qc5 14. Rad1 Nd5 15. Nxd5 cxd5 16. Qf4 Nf6 17. Rc1 Qa5 18. a3 Rb7 19. Rc2 Rab8 20. Rb1 Qc7 21. Qd4 Bd7 22. b4 Ba4 23. Rcc1 Rc8 24. Ne5 c3 25. Nd3 c2 26. Rb2 Qc3 27. Qxc3 Rxc3 28. Nc5 0-1

[Event "Kozje op 3rd"]
[Site "Kozje"]
[Date "2016.09.10"]
[Round "2"]
[White "Kolic, Mario"]
[Black "Rozman, Roman"]
[Result "0-1"]
[WhiteElo "1500"]
[BlackElo "1481"]
[PlyCount "116"]
[EventDate "2016.09.09"]
[EventType "swiss"]
[EventRounds "5"]
[EventCountry "SLO"]
[SourceTitle "CBM 174 Extra"]
[Source "ChessBase"]
[SourceDate "2016.10.10"]
[SourceVersion "1"]
[SourceVersionDate "2016.10.10"]
[SourceQuality "1"]

1. e4 b6 2. d4 e6 3. Ne2 Ba6 4. Nbc3 Ne7 5. Be3 d5 6. Qd2 dxe4 7. Nxe4 Nd5 8. N2g3 Bb7 9. Bd3 Be7 10. h4 Nxe3 11. Qxe3 Bxh4 12. 0-0-0 Be7 13. f3 Nd7 14. Nc3 Bg5 15. f4 Bh6 16. Kb1 Qe7 17. Be4 0-0-0 18. Bxb7+ Kxb7 19. Qe4+ Kb8 20. f5 Qg5 21. fxe6 Rhe8 22. Qf3 Rxe6 23. Rde1 Re3 24. Rxe3 Qxe3 25. Qxe3 Bxe3 26. Nf5 Bg5 27. Nxg7 Nf6 28. a3 Rxd4 29. Nh5 Rh4 30. Rxh4 Bxh4 31. Kc1 Nxh5 32. Kd2 Nf4 33. g4 Bg5 34. Ke3 Nd5+ 35. Ke4 Nxc3+ 36. bxc3 c6 37. Kf5 h6 38. Ke5 Kc7 39. c4 a5 40. a4 Kd7 41. Ke4 Ke6 42. Kd4 f5 43. gxf5+ Kxf5 44. c5 b5 45. axb5 cxb5 46. c6 Bf4 47. Kc5 a4 48. Kb6 a3 49. Kb7 a2 50. c4 a1Q 51. c7 Bxc7 52. Kxc7 Qc3 53. c5 Qxc5+ 54. Kb7 Ke6 55. Ka6 Qb4 56. Ka7 Kd6 57. Ka6 Kc7 58. Ka7 Qa5# 0-1